000
00303 a2200145 4500
001
167932
020
_a
040
_c
Magnum
100
_a
Mattoso, Jorge
240
1
0
_a
O brasil desempregado
_l
por
245
1
0
_a
O brasil desempregado
362
0
_a
1899
697
_a
PROBLEMAS SOCIAIS
942
_c
BK
999
_c
167932
_d
167932